| 000 | 00440nam a2200157Ia 4500 | ||
|---|---|---|---|
| 008 | 160316s1992 xxu||||| |||| 00| 0 eng d | ||
| 082 |
_a346.066000 _bSEA |
||
| 100 | _aSealy L S | ||
| 245 | _aCases and materials in company law | ||
| 250 | _a5th | ||
| 260 |
_aLondon _bButterworths _c1992 |
||
| 300 |
_a660 _b _cxxxi |
||
| 365 | _b27/-pound | ||
| 650 | _a1.Company Law - Cases - Materials 2.Corporate Law - Cases - Materials | ||
| 700 |
_a _a |
||
| 999 |
_c9205 _d9205 |
||